| 000 | 00562nam a22001817a 4500 | ||
|---|---|---|---|
| 003 | BD-DhUL | ||
| 005 | 20160525152210.0 | ||
| 008 | 160525s2004 ne ||||| |||| 00| 0 eng | ||
| 020 | _a9085040469 | ||
| 040 |
_aBD-DhUL _cBD-DhUL |
||
| 082 |
_a338.04 _bDUR |
||
| 100 | 1 | _aDutta, Subrata | |
| 245 | 1 | 0 |
_aRural industrial entrepreneurship : _bthe case of Bardhaman district in West Bengal / _cSubrata Dutta |
| 260 |
_aWageningen : _bWageningen University, _c2004. |
||
| 300 |
_axix, 371 p _b: ill. map ; _c24 cm. |
||
| 650 | 0 | _aIntrepreneurship | |
| 942 |
_2ddc _cBK |
||
| 999 |
_c69867 _d69867 |
||